书目信息 |
| 题名: |
融资力
|
|
| 作者: | 刘广福 , 叶百海 , 钟其志 著 | |
| 分册: | ||
| 出版信息: | 北京 中国商业出版社 2024.08 |
|
| 页数: | 458页 | |
| 开本: | 24cm | |
| 丛书名: | ||
| 单 册: | ||
| 中图分类: | F275.1 | |
| 科图分类: | ||
| 主题词: | 企业融资--研究 | |
| 电子资源: | ||
| ISBN: | 978-7-5208-3082-9 | |
| 000 | 00801nam0 2200253 450 | |
| 001 | 013273234 | |
| 005 | 20251023092615.57 | |
| 010 | @a978-7-5208-3082-9@b精装@dCNY99.00 | |
| 100 | @a20241128d2024 em y0chiy0120 ea | |
| 101 | 0 | @achi |
| 102 | @aCN@b110000 | |
| 105 | @ay z 000yy | |
| 106 | @ar | |
| 200 | 1 | @a融资力@9rong zi li@f刘广福,叶百海,钟其志著 |
| 210 | @a北京@c中国商业出版社@d2024.08 | |
| 215 | @a458页@d24cm | |
| 330 | @a本书共七章,内容包括:窥探企业融资全貌、股权融资力、债务融资力、政策融资力、市场融资力、内部融资力、融租力。 | |
| 606 | 0 | @a企业融资@x研究 |
| 690 | @aF275.1@v5 | |
| 701 | 0 | @a刘广福@9liu guang fu@4著 |
| 701 | 0 | @a叶百海@9ye bai hai@4著 |
| 701 | 0 | @a钟其志@9zhong qi zhi@4著 |
| 801 | 0 | @aCN@c20250911 |
| 905 | @a河南城建学院图书馆@dF275.1@eL611@ZL611@f1 | |
| 融资力/刘广福,叶百海,钟其志著.-北京:中国商业出版社,2024.08 |
| 458页;24cm |
| ISBN 978-7-5208-3082-9(精装):CNY99.00 |
| 本书共七章,内容包括:窥探企业融资全貌、股权融资力、债务融资力、政策融资力、市场融资力、内部融资力、融租力。 |
| ● |
| 相关链接 |
|
|
|
正题名:融资力
索取号:F275.1/L611
 
预约/预借
| 序号 | 登录号 | 条形码 | 馆藏地/架位号 | 状态 | 备注 |
| 1 | 1636528 | 216365289 | 社科库409/409社科库 95排2列2层/ [索取号:F275.1/L611] | 在馆 |